Fundamentals of meal management / (Record no. 1005)

MARC details
000 -LEADER
fixed length control field 00600nam a22002057a 4500
005 - DATE AND TIME OF LATEST TRANSACTION
control field 20230209033155.0
008 - FIXED-LENGTH DATA ELEMENTS--GENERAL INFORMATION
fixed length control field 230209b |||||||| |||| 00| 0 eng d
020 ## - INTERNATIONAL STANDARD BOOK NUMBER
International Standard Book Number 978-981-06-9887-4
082 ## - DEWEY DECIMAL CLASSIFICATION NUMBER
Classification number 641 M478 2009
100 ## - MAIN ENTRY--PERSONAL NAME
Personal name McWilliams, Margaret
Relator term author
245 ## - TITLE STATEMENT
Title Fundamentals of meal management /
Statement of responsibility, etc. Margaret McWilliams
250 ## - EDITION STATEMENT
Edition statement 5th ed.
260 ## - PUBLICATION, DISTRIBUTION, ETC.
Place of publication, distribution, etc. Singapore:
Name of publisher, distributor, etc. Pearson Education South Asia,
Date of publication, distribution, etc. c2009
300 ## - PHYSICAL DESCRIPTION
Extent xvii, 326p.:
Other physical details ill.
504 ## - BIBLIOGRAPHY, ETC. NOTE
Bibliography, etc. note Includes index
541 ## - IMMEDIATE SOURCE OF ACQUISITION NOTE
Accession number 1029 c.1, 1030 c.2, 4005 c.3, 4012 c.4
650 ## - SUBJECT ADDED ENTRY--TOPICAL TERM
Topical term or geographic name entry element Menus
650 ## - SUBJECT ADDED ENTRY--TOPICAL TERM
Topical term or geographic name entry element Foods
650 ## - SUBJECT ADDED ENTRY--TOPICAL TERM
Topical term or geographic name entry element Meals planning
Holdings
Withdrawn status Lost status Source of classification or shelving scheme Damaged status Not for loan Home library Current library Date acquired Total Checkouts Full call number Barcode Date last seen Copy number Price effective from Koha item type
    Dewey Decimal Classification     ctu-moalboal ctu-moalboal 06/13/2011   641 M478 2009 1029 02/09/2023 1 02/09/2023 Books-Reference
    Dewey Decimal Classification     ctu-moalboal ctu-moalboal 06/13/2011   641 M478 2009 1030 02/09/2023 2 02/09/2023 Books-Reference
    Dewey Decimal Classification     ctu-moalboal ctu-moalboal 11/14/2014   641 M478 2009 4005 02/09/2023 3 02/09/2023 Books-Reference
    Dewey Decimal Classification     ctu-moalboal ctu-moalboal 11/14/2014   641 M478 2009 4012 02/09/2023 4 02/09/2023 Books-Reference